| 000 | 00000nam##2200000za#4500 |
| 001 | 9.542220 |
| 003 | CaOODSP |
| 005 | 20210615090136 |
| 007 | ta |
| 008 | 150406|2005||||xxc||||| f|0| 0 eng|d |
| 020 | |a0-662-69353-1 |
| 040 | |aCaOODSP|beng |
| 041 | |aeng |
| 041 | |afre |
| 043 | |an-cn--- |
| 086 | 1 |aHS23-2/13-2005 |
| 110 | 1 |aCanada. |bHuman Resources and Skills Development Canada. |bLabour Program. |
| 245 | 10|aDeductions from wages |
| 260 | |bHuman Resources and Skills Development Canada. |c2005. |
| 300 | |aEnglish text, 2p. ; |c28 cm. |
| 490 | 1 |aInformation on labour standards|v13 |
| 520 | 3 |aThis plain language information sheet is part of a series for employers and employees that use a question-and-answer format to explain the provisions of Part III of the Canada Labor Code (Labour Standards). |
| 563 | |aPamphlet |
| 590 | |a05-48|b2005-12-02 |
| 690 | 07|aTax credits|2gcpds |
| 776 | 0#|tDeductions from wages|w(CaOODSP)9.559872 |
| 776 | 0#|tRetenues sur le salaire|w(CaOODSP)9.592584 |
| 792 | |tRetenues sur le salaire|efre|w(CaOODSP)9.542221 |
| 830 | #0|aInformation on labour standards ;|v13|w(CaOODSP)9.511114 |
| 986 | |aLT117-09-05 |